[Event "Campeonato de Aragón por Equipos 2008 "]
[Site "Aragón"]
[Date "2008.04.20"]
[Round "11.6"]
[White "Hefty Hilardo Jorge Walter"]
[Black "Glavina Rossi Pablo"]
[Result "1/2-1/2"]
[WhiteElo "2340"]
[BlackElo "2453"]

1.d4 Nf6 2.c4 e6 3.Nc3 Bb4 4.e3 b6 5.Ne2 Ba6 6.a3 Bxc3+ 7.Nxc3 d5 8.Qf3 c6 9.
b3 O-O 10.g4 Re8 11.Bb2 Nbd7 12.g5 Ne4 13.Nxe4 dxe4 14.Qxe4 Qxg5 15.Qxc6 Rab8
16.Qxd7 Bb7 17.h4 Qg6 18.Rh3 Qc2 19.Rd1 Qxb2 20.Bd3 Qxa3 21.Rg3 Qb4+ 22.Ke2
Re7 23.Qa4 Qxa4 24.bxa4 Rc8 25.a5 e5 1/2-1/2

[Event "Campeonato de Aragón por Equipos 2008 "]
[Site "Aragón"]
[Date "2008.04.20"]
[Round "11.7"]
[White "Gomez Anadon Daniel"]
[Black "Forcen Esteban Daniel"]
[Result "1-0"]
[WhiteElo "2315"]
[BlackElo "2138"]

1.e4 c5 2.c3 d5 3.exd5 Qxd5 4.d4 Nc6 5.Nf3 Bg4 6.Be2 e6 7.c4 Qf5 8.d5 Bxf3 9.
Bxf3 Nd4 10.Qa4+ b5 11.cxb5 Qc2 12.Bd1 Qxc1 13.b6+ Ke7 14.b7 Rb8 15.Nd2 Nc2+
16.Ke2 Qxb2 17.d6+ Kd8 18.Bxc2 Qb4 19.Nc4 Rxb7 20.Rab1 Qxa4 21.Bxa4 Rb4 22.
Rxb4 cxb4 23.Ne5 Nh6 24.Rd1 Bxd6 25.Rxd6+ Ke7 26.Ra6 Kf6 27.f4 Rc8 28.Rxa7 Rc1
29.Bd1 Ra1 30.g4 g5 31.Nf3 Nxg4 32.fxg5+ Kg6 33.h3 f5 34.hxg4 fxg4 35.Bc2+ 1-0

[Event "Campeonato de Aragón por Equipos 2008 "]
[Site "Aragón"]
[Date "2008.04.20"]
[Round "11.8"]
[White "Antolin Concha Diego"]
[Black "Moreno Gracia Daniel"]
[Result "0-1"]
[WhiteElo "2055"]
[BlackElo "2188"]

1.e4 c5 2.Nf3 d6 3.d4 Nf6 4.Nc3 cxd4 5.Nxd4 a6 6.Be3 e5 7.Nf3 Be7 8.Bc4 O-O 9.
O-O Be6 10.Qe2 Nc6 11.Rfd1 Rc8 12.Bb3 Qc7 13.Bg5 Na5 14.Bxf6 Bxf6 15.Ne1 Nxb3
16.axb3 Qb8 17.Qd2 Rfd8 18.Ra5 Rd7 19.Nd5 Bd8 20.Ra3 h6 21.c3 Qa7 22.b4 Bb6
23.Nxb6 Qxb6 24.Nd3 Rdd8 25.Ra5 d5 26.exd5 Bxd5 27.Qc2 Qg6 28.Ne1 Be4 29.Qe2
f6 30.Rc5 Bc6 31.f3 Kh7 32.c4 Rxd1 33.Qxd1 b6 34.Rxc6 Rxc6 35.b3 f5 36.Nd3 Qf6
37.Qe2 e4 38.fxe4 Qd4+ 39.Nf2 Re6 40.Qf3 Re5 41.h3 fxe4 42.Qf7 e3 43.Ng4 e2+
44.Kh2 Qxg4 0-1

[Event "Campeonato de Aragón por Equipos 2008 "]
[Site "Aragón"]
[Date "2008.04.26"]
[Round "12.1"]
[White "Mirzoev Azer"]
[Black "Adla Diego Gustavo"]
[Result "1/2-1/2"]
[WhiteElo "2518"]
[BlackElo "2491"]

1.Nf3 Nf6 2.c4 e6 3.Nc3 Bb4 4.Qc2 O-O 5.a3 Bxc3 6.Qxc3 b6 7.b4 Bb7 8.Bb2 d6 9.
e3 Nbd7 10.Be2 c5 11.O-O Rc8 12.d4 Ne4 13.Qb3 Ng5 14.Nxg5 Qxg5 15.f3 cxd4 16.
Bxd4 d5 17.Rad1 Rc7 18.Rf2 Rfc8 19.cxd5 Bxd5 20.Qa4 Bc6 21.Qb3 Bd5 22.Qa4 Bc6
23.Qa6 Nb8 24.Qd3 Ba4 25.Rdf1 Bc2 26.Qb5 Qd8 27.Qe5 Qf8 28.Bb2 Bb3 29.e4 f6
30.Qg3 Qe7 31.h3 Bc4 32.Bxc4 Rxc4 33.Rd1 Nd7 34.Rfd2 Nf8 35.Qf2 Qc7 36.Qe3 Qg3
37.Qf2 Qxf2+ 38.Kxf2 Rc2 39.Ke3 Rxd2 40.Rxd2 Kf7 41.f4 Ke7 42.g3 Nd7 43.Kd3
Rc6 44.Rc2 Rxc2 45.Kxc2 b5 46.Bd4 a6 47.Kd3 e5 48.Be3 g6 49.f5 g5 1/2-1/2

[Event "Campeonato de Aragón por Equipos 2008 "]
[Site "Aragón"]
[Date "2008.04.26"]
[Round "12.2"]
[White "Glavina Rossi Pablo"]
[Black "Martinez Martin David"]
[Result "1-0"]
[WhiteElo "2459"]
[BlackElo "2395"]

1.Nf3 Nf6 2.g3 g6 3.b3 Bg7 4.Bb2 O-O 5.Bg2 d5 6.c4 Nc6 7.cxd5 Qxd5 8.O-O Qh5
9.d3 Bh3 10.Nbd2 Rad8 11.Rc1 Rd5 12.Rc4 g5 13.Qa1 Bxg2 14.Kxg2 g4 15.Nh4 Ne8
16.f3 gxf3+ 17.Ndxf3 Bxb2 18.Qxb2 Nd6 19.Rf4 e5 20.Rf6 Kg7 21.h3 Kxf6 22.g4
Rg8 23.Kh2 Qxh4 24.Nxh4+ Ke7 25.Nf5+ Nxf5 26.Rxf5 Rg6 27.Qc1 Kf8 28.Qc4 Ne7
29.Rf2 Rc6 30.Qe4 Kg7 31.g5 1-0

[Event "Campeonato de Aragón por Equipos 2008 "]
[Site "Aragón"]
[Date "2008.04.26"]
[Round "12.3"]
[White "Fontana Sotomayour Luis Javier"]
[Black "Gomez Anadon Daniel"]
[Result "1-0"]
[WhiteElo "2332"]
[BlackElo "2315"]

1.e4 c5 2.Nc3 d6 3.g3 Nc6 4.Bg2 g6 5.d3 Bg7 6.f4 Nf6 7.Nf3 O-O 8.O-O Rb8 9.h3
b5 10.Be3 b4 11.Ne2 Nd7 12.Rb1 Qa5 13.Nd2 Nd4 14.Nc4 Nxe2+ 15.Qxe2 Qc7 16.g4
Ba6 17.Nd2 e6 18.b3 Bb5 19.f5 exf5 20.gxf5 Rfe8 21.Qf2 Ne5 22.f6 Bh8 23.Qh4
Re6 24.Bg5 Qd8 25.Rf4 Nd7 26.Rbf1 Rb6 27.Bf3 Rxf6 28.Bg4 h5 29.Rxf6 Nxf6 30.
Bxf6 Bxf6 31.Rxf6 Rb8 32.Be6 fxe6 33.Rxg6+ Kf7 34.Qxh5 Qh8 35.Rh6+ 1-0

[Event "Campeonato de Aragón por Equipos 2008 "]
[Site "Aragón"]
[Date "2008.04.26"]
[Round "12.4"]
[White "Moreno Gracia Daniel"]
[Black "Antoli Royo Joaquin Miguel"]
[Result "0-1"]
[WhiteElo "2308"]
[BlackElo "2188"]

1.c4 c6 2.e4 e5 3.Nf3 d6 4.d4 Nd7 5.Nc3 Ngf6 6.Be2 g6 7.O-O Bg7 8.Be3 O-O 9.
Rc1 a6 10.a3 Re8 11.d5 cxd5 12.cxd5 h6 13.Nd2 Nh7 14.Nc4 Qe7 15.Na4 f5 16.Ncb6
Nxb6 17.Nxb6 Rb8 18.f3 Nf6 19.Rc4 Nd7 20.Qb3 Nxb6 21.Qxb6 Ra8 22.Rc7 Qf8 23.
Rfc1 Bf6 24.Qb4 f4 25.Bb6 g5 26.Kf2 Be7 27.h3 Qf6 28.Ke1 Qf8 29.Kd2 Bf6 30.a4
Be7 31.a5 Bf6 32.Bd1 Bd8 33.Ba4 Bxc7 34.Bxc7 Rd8 35.Bxd8 Qxd8 36.Qb6 Bd7 37.
Qxd8+ Rxd8 38.Bxd7 Rxd7 39.Rc8+ Kg7 40.b4 Kg6 41.Kc3 Kh5 42.Rh8 Kh4 43.Rxh6+
Kg3 44.h4 g4 45.fxg4 Kxg2 46.Rf6 f3 47.Kd3 Rc7 48.Rxd6 Rf7 49.g5 f2 50.Rf6
Rxf6 0-1

[Event "Campeonato de Aragón por Equipos 2008 "]
[Site "Aragón"]
[Date "2008.04.26"]
[Round "12.9"]
[White "Lafarga Santorroman David"]
[Black "Rodriguez Rodriguez Manuel"]
[Result "1-0"]
[WhiteElo "2278"]
[BlackElo "1927"]

1.d4 d5 2.c4 c6 3.Nf3 Nf6 4.e3 e6 5.Nbd2 Bd6 6.Bd3 Nbd7 7.O-O O-O 8.e4 dxe4 9.
Nxe4 Nxe4 10.Bxe4 f5 11.Bc2 Nf6 12.b3 Qc7 13.Bb2 Ng4 14.h3 Nh2 15.Re1 Nxf3+
16.Qxf3 Qf7 17.Re2 Bd7 18.c5 Bc7 19.b4 Rae8 20.Bb3 Kh8 21.Rae1 Qg6 22.Bc4 a6
23.Bc1 h6 24.Bf4 Bxf4 25.Qxf4 Bc8 26.Re5 Bd7 27.R5e3 Bc8 28.Kh2 Qf6 29.Re5 Bd7
30.Qe3 Re7 31.Kg1 Rfe8 32.Bd3 f4 33.Qe4 g5 34.a4 Rg7 35.f3 Rge7 36.Rb1 Ra8 37.
Kh2 Be8 38.Re1 Bd7 39.Bc4 Rae8 40.Qe2 Qg7 41.Bb3 Qf6 42.Bc2 Qf7 43.Be4 Qf6 44.
Rb1 Rd8 45.Qc4 Be8 46.Re1 Bd7 47.Bc2 Ra8 48.Qd3 Rae8 49.Bb3 Kg7 50.Bc4 Kh8 51.
Qe2 Kg7 52.b5 axb5 53.axb5 Qg6 54.Bd3 Qf6 55.Be4 Kh8 56.bxc6 Bxc6 57.Bxc6 bxc6
58.Qe4 Rc7 59.Rxe6 Rxe6 60.Qxe6 Qxe6 61.Rxe6 Kg7 62.h4 Rc8 63.Kh3 Rd8 64.hxg5
hxg5 65.Rd6 Rxd6 66.cxd6 Kf6 67.Kg4 Ke6 68.Kxg5 Kxd6 69.Kxf4 1-0

[Event "Campeonato de Aragón por Equipos 2008 "]
[Site "Aragón"]
[Date "2008.04.26"]
[Round "12.10"]
[White "Rodriguez Avellanas Jose Manuel"]
[Black "Valles Mata David"]
[Result "0-1"]
[WhiteElo "1835"]
[BlackElo "2107"]

1.c4 e5 2.Nc3 Nf6 3.g3 d5 4.cxd5 Nxd5 5.Bg2 Nb6 6.Nf3 Nc6 7.O-O Be7 8.d3 O-O
9.a3 a5 10.b3 Be6 11.Bb2 f6 12.e3 Qd7 13.d4 Rad8 14.Ne2 e4 15.Nd2 f5 16.Qc2
Nd5 17.Nc3 Nb6 18.Rac1 Bf6 19.Ne2 Nd5 20.Nf4 Nxf4 21.gxf4 Bd5 22.f3 exf3 23.
Nxf3 Qe6 24.Ne5 Bxb3 25.Qc5 Bxe5 26.fxe5 Bd5 27.Bxd5 Qxd5 28.Qc2 g6 29.Rf4 Rd7
30.Qd3 Nd8 31.Rcf1 Ne6 32.R4f2 Ng5 33.Qc2 Nh3# 0-1

[Event "Campeonato de Aragón por Equipos 2008 "]
[Site "Aragón"]
[Date "2008.04.26"]
[Round "12.11"]
[White "Avellanas Pau Miguel Angel"]
[Black "Belenguer Radet Jesus"]
[Result "1-0"]
[WhiteElo "1934"]
[BlackElo "1747"]

1.e4 c5 2.Nf3 d6 3.d4 cxd4 4.Nxd4 Nf6 5.Nc3 g6 6.f3 Bg7 7.Be3 Nc6 8.Qd2 O-O 9.
O-O-O Bd7 10.Kb1 a6 11.g4 b5 12.Nxc6 Bxc6 13.h4 Nd7 14.Bh6 Ne5 15.Bxg7 Kxg7
16.Be2 Qc8 17.h5 Rh8 18.Qd4 f6 19.f4 Nxg4 20.Rdg1 Nh6 21.hxg6 hxg6 22.Bh5 Be8
23.Nd5 e5 24.fxe5 dxe5 25.Qf2 Qd8 26.Rh3 Qd6 27.Bxg6 Bxg6 28.Rhg3 Rag8 29.
Rxg6+ Kh7 30.Rxh6+ 1-0

[Event "Campeonato de Aragón por Equipos 2008 "]
[Site "Aragón"]
[Date "2008.04.26"]
[Round "12.12"]
[White "Lavina A"]
[Black "Cuello Jorge"]
[Result "0-1"]
[WhiteElo "1675"]
[BlackElo "1839"]

1.d4 d5 2.c4 dxc4 3.Nc3 e6 4.Nf3 Nf6 5.Bg5 a6 6.Qa4+ b5 7.Qc2 Bb7 8.Rd1 Be7 9.
a3 O-O 10.e4 c5 11.d5 exd5 12.Bxf6 Bxf6 13.Nxd5 Bxd5 14.Rxd5 Qc7 15.Be2 Nd7
16.O-O Nb6 17.Rd2 Na4 18.Qb1 c3 19.Rd5 cxb2 20.e5 Nc3 0-1

[Event "Campeonato de Aragón por Equipos 2008 "]
[Site "Aragón"]
[Date "2008.04.26"]
[Round "12.13"]
[White "Romon Poves Raul"]
[Black "Colom Sienes Eduardo"]
[Result "1-0"]
[WhiteElo "2207"]
[BlackElo "1876"]

1.e4 e6 2.Nf3 d5 3.Nc3 dxe4 4.Nxe4 Nd7 5.d4 Ngf6 6.Nxf6+ Nxf6 7.c3 c5 8.Ne5 a6
9.Be3 cxd4 10.Bxd4 Be7 11.Qa4+ Bd7 12.Nxd7 Nxd7 13.Bxg7 Rg8 14.Bh6 b5 15.Qe4
Rg6 16.Be3 Rc8 17.O-O-O Qa5 18.Kb1 e5 19.Qb7 Rc7 20.Qa8+ Bd8 21.Bd3 Rgc6 22.
Bf5 Rc4 23.Rd5 Ra4 24.Rxd7 Rxd7 25.Bxd7+ Kxd7 26.Rd1+ Ke8 27.Qc6+ Kf8 28.Bh6+
1-0

[Event "Campeonato de Aragón por Equipos 2008 "]
[Site "Aragón"]
[Date "2008.04.26"]
[Round "12.14"]
[White "Iglesias Fernandez Luis"]
[Black "Vera Jimenez Andres"]
[Result "0-1"]
[WhiteElo "1829"]
[BlackElo "2035"]

1.e4 c5 2.Nf3 a6 3.d3 Nc6 4.g3 g6 5.Bg2 Bg7 6.O-O d6 7.c3 e5 8.Na3 Nge7 9.Nc2
d5 10.exd5 Nxd5 11.d4 cxd4 12.cxd4 exd4 13.Nfxd4 Nxd4 14.Nxd4 O-O 15.Ne2 Nb4
16.Qb3 Nc6 17.Rd1 Qe7 18.Nf4 Qb4 19.Qxb4 Nxb4 20.a3 Nc2 21.Ra2 Nd4 22.Be3 Rd8
23.Nd5 Be6 24.Bxd4 Bxd5 25.Raa1 Bb3 26.Rd3 Bc4 27.Rc3 Rxd4 28.Bxb7 Rb8 29.Bg2
Rxb2 30.Bf1 Bxf1 31.Rc8+ Bf8 32.Kxf1 Rdd2 0-1

[Event "Campeonato de Aragón por Equipos 2008 "]
[Site "Aragón"]
[Date "2008.04.26"]
[Round "12.15"]
[White "Sierra  Joaquin"]
[Black "Sacristan Latorre Alberto"]
[Result "1/2-1/2"]
[WhiteElo "2010"]
[BlackElo "1802"]

1.e4 c5 2.b4 cxb4 3.d4 d5 4.e5 e6 5.a3 bxa3 6.Nf3 Nc6 7.Bd3 Qb6 8.c3 f6 9.Nh4
g6 10.exf6 Nxf6 11.Qc2 Bg7 12.Bxa3 Rg8 13.Bc5 Qc7 14.Na3 a6 15.Nb5 Qd8 16.Nd6+
Kd7 17.Nf3 Ne8 18.Nb5 b6 19.Bb4 Bb7 20.O-O axb5 21.Bxb5 Nd6 22.Ba4 b5 23.Bxd6
Kxd6 24.Bxb5 Qb6 25.c4 Nxd4 26.Nxd4 Bxd4 27.Rab1 Qc5 28.Kh1 Bc6 29.Qd2 Rgb8
30.Rfc1 Bd7 31.Qf4+ Be5 32.Qf7 Bxb5 33.cxd5 Bc3 34.Qxe6+ Kc7 35.d6+ Qxd6 36.
Rxc3+ Bc6 37.Qf7+ Kd8 38.Qg8+ Be8 39.Re1 Qd7 1/2-1/2

[Event "Campeonato de Aragón por Equipos 2008 "]
[Site "Aragón"]
[Date "2008.04.26"]
[Round "12.16"]
[White "Gonzalo Borao Jorge"]
[Black "Ruiz Gutierrez Manuel"]
[Result "0-1"]
[WhiteElo "1722"]
[BlackElo "1899"]

1.e4 c5 2.Nc3 a6 3.a3 Nc6 4.g3 g6 5.d3 Bg7 6.Bg2 d6 7.f4 Nf6 8.h3 O-O 9.Nf3 e5
10.O-O Nh5 11.Qe1 exf4 12.gxf4 f5 13.Nh4 Nd4 14.exf5 Nxc2 15.Bd5+ Kh8 16.Qf2
Bd4 17.Nxg6+ hxg6 18.Rb1 Bxf5 19.Kh2 Bxf2 20.Rxf2 Bxd3 21.Bd2 Qh4 22.Rf3 Bf5
23.Rg1 Nd4 24.Re3 Rae8 25.Ne4 Bxe4 26.Bxe4 Rxe4 0-1

[Event "Campeonato de Aragón por Equipos 2008 "]
[Site "Aragón"]
[Date "2008.04.26"]
[Round "12.17"]
[White "Lucea Valero Alejandro"]
[Black "Gutierrez Barrachina Jose A"]
[Result "1-0"]
[WhiteElo "1965"]
[BlackElo "1966"]

1.e4 e5 2.Nf3 f5 3.d4 fxe4 4.Nxe5 Nf6 5.Bc4 d5 6.Bb3 Be7 7.c4 c6 8.cxd5 cxd5
9.Nc3 O-O 10.O-O Nc6 11.Bg5 Na5 12.Bxf6 Nxb3 13.Bxe7 Qxe7 14.Qxb3 Be6 15.Rac1
Qg5 16.Ne2 Rf6 17.Qg3 Qd2 18.Rc7 g6 19.Qh4 1-0

[Event "Campeonato de Aragón por Equipos 2008 "]
[Site "Aragón"]
[Date "2008.04.26"]
[Round "12.18"]
[White "Martin Diaz E"]
[Black "Carraminana Lopez Luis Antonio"]
[Result "0-1"]
[WhiteElo "1950"]
[BlackElo "1958"]

1.e4 d5 2.exd5 Qxd5 3.Nc3 Qa5 4.d4 Nf6 5.Bc4 Bg4 6.Nf3 Nc6 7.h3 Qh5 8.Be2
O-O-O 9.O-O e5 10.Ng5 Bxe2 11.Qxe2 Qxe2 12.Nxe2 Rd7 13.dxe5 Nxe5 14.Nc3 Bb4
15.Nce4 Nxe4 16.Nxe4 f5 17.c3 Be7 18.Ng3 g6 19.Be3 Nd3 20.Bd4 Re8 21.b3 c5 22.
Rad1 Nb2 23.Rd2 cxd4 24.Rxb2 dxc3 25.Rc2 Bf6 26.Rfc1 Kb8 27.Ne2 Rd2 28.Kf1
Rexe2 0-1

[Event "Campeonato de Aragón por Equipos 2008 "]
[Site "Aragón"]
[Date "2008.04.26"]
[Round "12.19"]
[White "Vasilev Vas"]
[Black "Munoz Suarez Luis"]
[Result "1-0"]
[WhiteElo "1925"]
[BlackElo "1924"]

1.d4 Nf6 2.Nf3 g6 3.c4 Bg7 4.Nc3 O-O 5.Bg5 d6 6.e3 c6 7.Be2 Nbd7 8.Qc2 e5 9.
dxe5 dxe5 10.O-O Qe7 11.Nd2 h6 12.Bxf6 Nxf6 13.a3 a5 14.Nce4 Nxe4 15.Nxe4 f5
16.Nc3 Be6 17.Rad1 Rad8 18.Na4 Rxd1 19.Rxd1 f4 20.e4 Rd8 21.c5 Rd4 22.Rxd4
exd4 23.Nb6 Be5 24.Bc4 Kg7 25.Bxe6 Qxe6 26.Nc4 Bc7 27.Nd2 Qa2 28.h3 Qa1+ 29.
Qb1 Qxb1+ 30.Nxb1 Be5 31.Kf1 Kf6 32.Ke1 d3 33.Kd2 Bxb2 34.Kxd3 Ke5 35.Nd2 Ke6
36.Nc4 Be5 37.Nxa5 Bb2 1-0

[Event "Campeonato de Aragón por Equipos 2008 "]
[Site "Aragón"]
[Date "2008.04.26"]
[Round "12.20"]
[White "Lopez Capape Armando"]
[Black "Buil  Montanes Carlos"]
[Result "1/2-1/2"]
[WhiteElo "1869"]
[BlackElo "1838"]

1.d4 e6 2.Nf3 f5 3.d5 Bb4+ 4.c3 Bd6 5.dxe6 dxe6 6.Bg5 Nf6 7.e3 Be7 8.Qxd8+
Bxd8 9.Bc4 Nd5 10.Bxd8 Kxd8 11.Na3 c6 12.e4 Nc7 13.O-O-O+ Ke7 14.exf5 Nd5 15.
Rhe1 Kf6 16.fxe6 Bxe6 17.Nd4 Bf7 18.Rd2 Nd7 19.g3 Rhe8 20.Rde2 Ne5 21.f4 Nxc4
22.Nxc4 Rxe2 23.Rxe2 Nxc3 24.bxc3 Bxc4 25.Rb2 c5 26.Nf3 b6 27.Ne5 1/2-1/2

[Event "Campeonato de Aragón por Equipos 2008 "]
[Site "Aragón"]
[Date "2008.04.26"]
[Round "12.21"]
[White "Navarro Alonso Jorge Luis"]
[Black "Echarte Buil Oscar"]
[Result "1-0"]
[WhiteElo "2136"]
[BlackElo "2190"]

1.e4 c5 2.Nf3 g6 3.d4 cxd4 4.Nxd4 Bg7 5.Nc3 Nc6 6.Be3 Nf6 7.Bc4 O-O 8.Bb3 a5
9.Ndb5 b6 10.O-O Ba6 11.f3 d6 12.Qd2 Nd7 13.Rfd1 Nc5 14.Qf2 a4 15.Bd5 Rc8 16.
Bxc6 Rxc6 17.Bd4 f6 18.a3 Qd7 19.Be3 Rcc8 20.Nd4 Bc4 21.Nd5 Qb7 22.Nb4 Rfd8
23.Rd2 e5 24.Ne2 f5 25.exf5 gxf5 26.Bg5 Rd7 27.Ng3 h6 28.Bh4 Rf8 29.Re1 d5 30.
Nh5 Bh8 31.Qg3+ Kh7 32.Rdd1 Qa7 33.f4 Ne4 34.Rxe4 dxe4 35.Rxd7+ Qxd7 36.Qe1 e3
37.h3 Qd2 38.c3 Be2 39.g4 Bf3 40.Qf1 e4 41.Be1 Qxb2 42.Nd5 e2 43.Qf2 Qc1 44.
Kh2 Qd1 45.c4 Qd4 46.Qh4 fxg4 47.hxg4 e3 48.Qe7+ Bg7 49.Ndf6+ Qxf6 50.Nxf6+
Rxf6 51.Kg3 Bc6 52.Qxe3 Bf8 53.Qxe2 Bxa3 54.Qd3+ 1-0

[Event "Campeonato de Aragón por Equipos 2008 "]
[Site "Aragón"]
[Date "2008.04.26"]
[Round "12.22"]
[White "Prat Guisado Christian"]
[Black "Jaques Burguete Raul"]
[Result "1/2-1/2"]
[WhiteElo "1884"]
[BlackElo "2127"]

1.d4 d5 2.c4 e6 3.Nc3 c6 4.Nf3 Nf6 5.e3 Nbd7 6.Bd3 dxc4 7.Bxc4 b5 8.Bd3 Bb7 9.
O-O Be7 10.a3 a5 11.e4 b4 12.axb4 axb4 13.Rxa8 Qxa8 14.Ne2 Qa5 15.Bf4 Ba6 16.
Ng3 h6 17.Bxa6 Qxa6 18.Qa1 Qxa1 19.Rxa1 Nb6 20.Ra7 Nfd7 21.Ne5 Nxe5 22.Bxe5 f6
23.Bc7 Nc8 24.Rb7 c5 25.dxc5 Bxc5 26.Ba5 O-O 27.Bxb4 Nd6 28.Bxc5 Nxb7 29.Bxf8
Kxf8 30.Kf1 Nc5 31.Ke2 Ke7 32.f3 g6 33.Kd2 Kd6 34.Ne2 f5 35.exf5 exf5 36.Nf4
g5 37.Nd3 Ne6 38.Ke3 Nc7 39.f4 Nd5+ 40.Kf3 Nf6 41.h3 Kd5 42.Ke3 Kc4 43.Ne5+
Kb3 44.fxg5 hxg5 45.Nd3 Kc4 46.Ne5+ Kb3 47.Nf3 g4 48.Nd4+ Kxb2 49.h4 Nd5+ 50.
Kf2 Ne7 51.Kg3 Kc3 52.Nxf5 Nxf5+ 53.Kxg4 Nd6 54.h5 Kd4 55.Kg5 Ke5 56.g4 Ne4+
57.Kg6 Kf4 58.h6 Ng5 59.Kh5 Nh7 1/2-1/2

[Event "Campeonato de Aragón por Equipos 2008 "]
[Site "Aragón"]
[Date "2008.04.26"]
[Round "12.23"]
[White "Garcia Fernandez Javier"]
[Black "Solana Garcia Angel"]
[Result "1-0"]
[WhiteElo "2110"]
[BlackElo "1644"]

1.e4 c5 2.d4 cxd4 3.Bc4 Nf6 4.Qe2 Nc6 5.Nf3 e6 6.e5 Nd5 7.O-O Be7 8.Bxd5 exd5
9.Bf4 O-O 10.Rd1 d6 11.exd6 Bxd6 12.Bxd6 Qxd6 13.Nxd4 Nxd4 14.Rxd4 Be6 15.Nc3
a6 16.Rad1 Qc6 17.Nxd5 Bxd5 18.Rxd5 Rfe8 19.Qd3 g6 20.c4 Qf6 21.Qd4 Qe7 22.h4
h5 23.Rd7 Qb4 24.Qd5 Qf8 25.Rxb7 Rab8 26.Rxb8 Rxb8 27.b3 Rc8 28.Rd3 Qe7 29.Rf3
Rc5 30.Qa8+ Kg7 31.Qxa6 Re5 32.g3 Re1+ 33.Kg2 Re6 34.Qb5 Re5 35.Qc6 Re6 36.Qd5
Re5 37.Rxf7+ Qxf7 38.Qxe5+ Kh7 39.Qd5 Qa7 40.a4 Qb8 41.c5 Kg7 42.c6 Qa8 43.a5
Kh8 44.b4 Kg7 45.Qd7+ Kh8 46.Qb7 Qd8 47.c7 1-0

[Event "Campeonato de Aragón por Equipos 2008 "]
[Site "Aragón"]
[Date "2008.04.27"]
[Round "12.24"]
[White "Prat Guisado Jonathan "]
[Black "Ananos Palacios David"]
[Result "0-1"]
[WhiteElo "1637"]
[BlackElo "1979"]

1.e4 c5 2.Nf3 d6 3.d4 Nf6 4.Nc3 cxd4 5.Nxd4 a6 6.Bg5 e6 7.Bd3 Qc7 8.Qd2 Be7 9.
O-O-O Nc6 10.Qe3 Ng4 11.Qf3 Bxg5+ 12.Kb1 Nge5 13.Qg3 Bf6 14.Nb3 Bd7 15.Rd2
Nxd3 16.Rxd3 Ne5 17.Rd2 Nc4 18.Rd3 Bb5 19.Rhd1 Rc8 20.Nxb5 axb5 21.c3 b4 22.
Nd4 bxc3 23.Rxc3 Qc5 24.Qd3 b5 25.b3 Nd2+ 26.Kc2 Qxc3+ 27.Qxc3 Rxc3+ 28.Kxc3
Nxe4+ 29.Kc2 Nxf2 30.Rd2 Ne4 31.Rd1 Kd7 32.Nxb5 Rc8+ 33.Kb1 Nc3+ 34.Nxc3 Rxc3
35.a4 d5 36.Rf1 d4 37.b4 d3 38.Rd1 e5 39.g4 e4 40.Re1 d2 41.Rd1 Bg5 0-1

[Event "Campeonato de Aragón por Equipos 2008 "]
[Site "Aragón"]
[Date "2008.04.26"]
[Round "12.25"]
[White "Luis Vitalla Fernando"]
[Black "Ansola Marquinez Alberto"]
[Result "0-1"]
[WhiteElo "2199"]
[BlackElo "2154"]

1.d4 e6 2.c4 f5 3.g3 Nf6 4.Bg2 d5 5.Nf3 c6 6.O-O Bd6 7.Nc3 O-O 8.Qc2 Ne4 9.c5
Be7 10.Ne5 Nd7 11.Nxd7 Bxd7 12.f3 Nxc3 13.Qxc3 b6 14.Bf4 g5 15.Be5 Bf6 16.Bd6
bxc5 17.Bxc5 Rf7 18.e4 f4 19.g4 h5 20.Bh3 Rh7 21.Rf2 Qc8 22.e5 Bd8 23.Bf1 hxg4
24.fxg4 Rh4 25.Rg2 Be8 26.Bd3 Qb7 27.Qb4 Qxb4 28.Bxb4 Bb6 29.Bc5 Bxc5 30.dxc5
Rb8 31.Rc1 Rh3 32.Rc3 Re3 33.Ra3 Rb7 34.Rd2 Rxe5 35.Ba6 Rh7 36.Rb3 Re1+ 37.Kg2
Bg6 38.Bd3 Bxd3 39.Rbxd3 e5 40.b4 Rb1 41.Rb3 Rxb3 42.axb3 Rb7 43.Ra2 Kf7 44.
Ra6 Rc7 45.Kf2 Ke7 46.Ke2 e4 47.b5 cxb5 48.b4 Rd7 49.Rg6 d4 50.Rxg5 d3+ 51.Kd1
Rd4 52.Rf5 e3 0-1

[Event "Campeonato de Aragón por Equipos 2008 "]
[Site "Aragón"]
[Date "2008.04.26"]
[Round "12.26"]
[White "Argueso Pascual Jorge"]
[Black "Gella Lopez Angel"]
[Result "0-1"]
[WhiteElo "1962"]
[BlackElo "2094"]

1.d4 d5 2.Nf3 Nf6 3.c4 e6 4.Nc3 c6 5.e3 Nbd7 6.Bd3 dxc4 7.Bxc4 b5 8.Bd3 Bb7 9.
O-O a6 10.Re1 c5 11.Bc2 Qb6 12.Qe2 Rd8 13.a4 b4 14.a5 Qc7 15.Na4 Qxa5 16.e4
cxd4 17.Bg5 e5 18.Nd2 Be7 19.Bd3 Rc8 20.Nc4 Qd8 21.f4 O-O 22.b3 exf4 23.Bxf4
Nc5 24.Nxc5 Rxc5 25.e5 Nd5 26.Qe4 g6 27.Bh6 Re8 28.Qf3 Qc8 29.Qf2 Ne3 30.Nxe3
dxe3 31.Bxe3 Rxe5 32.Rf1 Bd5 33.Bxa6 Qg4 34.Rae1 Bd6 35.h3 Qe6 36.Bd2 Bxb3 37.
Rxe5 Qxe5 38.Re1 Qh2+ 39.Kf1 Qh1+ 40.Qg1 Rxe1+ 41.Bxe1 Qxg1+ 42.Kxg1 Bd5 43.
Bd3 b3 44.Bc3 Ba3 45.Bb1 f5 46.g3 Be4 47.Bxe4 fxe4 48.Kf2 b2 49.Bxb2 Bxb2 50.
Ke3 Kf7 51.Kxe4 Ke6 52.Kf4 h6 53.Kg4 Bc1 54.h4 h5+ 55.Kf3 Kf5 56.Kf2 Kg4 57.
Kg2 Ba3 0-1

[Event "Campeonato de Aragón por Equipos 2008 "]
[Site "Aragón"]
[Date "2008.04.26"]
[Round "12.27"]
[White "Laplaza Ara Carlos"]
[Black "Argueso Palomino Manuel"]
[Result "1-0"]
[WhiteElo "2008"]
[BlackElo "1882"]

1.d4 d5 2.Nf3 e6 3.c4 c6 4.cxd5 exd5 5.Nc3 Be7 6.Bf4 Nf6 7.e3 Nbd7 8.h3 Nf8 9.
Bd3 Ng6 10.Bh2 O-O 11.O-O Re8 12.Qc2 Bd6 13.Bxd6 Qxd6 14.a3 Nh5 15.Bf5 Bxf5
16.Qxf5 Nf6 17.Nd2 Re6 18.b4 Qe7 19.Nb3 Ne4 20.Nxe4 dxe4 21.Nc5 Nh4 22.Qf4 Rg6
23.g3 Nf3+ 24.Kg2 Nh4+ 25.Kh1 Nf3 26.Nxe4 Re8 27.Qxf3 Qxe4 28.Qxe4 Rxe4 29.
Rac1 Kf8 30.Rfd1 Rd6 31.Kg2 Ke7 32.Kf3 Ree6 33.Rc5 Rf6+ 34.Ke2 b6 35.Rc3 Rd8
36.d5 Rfd6 37.Rxc6 Rxd5 38.Rxd5 Rxd5 39.Rc7+ Rd7 40.Rxd7+ Kxd7 41.Kd3 Kc6 42.
Kc4 b5+ 43.Kd4 Kb6 44.Kd5 a5 45.Kd6 f5 46.f3 axb4 47.axb4 g5 48.e4 g4 49.hxg4
1-0

[Event "Campeonato de Aragón por Equipos 2008 "]
[Site "Aragón"]
[Date "2008.04.26"]
[Round "12.28"]
[White "Ariza Torrijo Justo"]
[Black "Gella Bitrian Diego"]
[Result "1-0"]
[WhiteElo "1746"]
[BlackElo "1844"]

1.d4 Nf6 2.Nf3 g6 3.Bg5 Bg7 4.c3 d6 5.e3 O-O 6.Bd3 Re8 7.O-O Nbd7 8.Nbd2 c6 9.
Re1 Qc7 10.Rc1 e5 11.e4 a5 12.dxe5 dxe5 13.Bc2 Nc5 14.Be3 Ne6 15.Nc4 Rd8 16.
Qe2 Nd7 17.Rcd1 b5 18.Rxd7 Rxd7 19.Nb6 Rb8 20.Nxd7 Bxd7 21.Rd1 Be8 22.Bb3 Qe7
23.Ne1 Nc5 24.Bc2 f6 25.f3 Bf7 26.Qf2 Bf8 27.b3 Ne6 28.Kh1 Nd8 29.Ba7 Rc8 30.
Bb6 Nb7 31.Be3 Rd8 32.Qe2 Qe8 33.Bb6 Rxd1 34.Qxd1 Bc5 35.Bxc5 Nxc5 36.Qd6 Ne6
37.Nd3 Qc8 38.h3 Qc7 39.Qxc7 Nxc7 40.Nc5 Ne8 41.Nb7 a4 42.bxa4 Bxa2 43.Nd8
bxa4 44.Bxa4 Kf8 45.Nxc6 Nd6 46.Kg1 Kf7 47.Kf2 Ke6 48.Nb4 Bc4 49.Bc6 Nb5 50.
Nd5 f5 51.Bxb5 Bxb5 52.Nc7+ Kd6 53.Nxb5+ Kc5 54.Nc7 Kc4 55.Nd5 Kd3 56.exf5
gxf5 57.g4 fxg4 58.fxg4 Kc4 59.Nf6 h6 60.Ng8 Kd3 61.Nxh6 Kxc3 62.Ke3 1-0

[Event "Campeonato de Aragón por Equipos 2008 "]
[Site "Aragón"]
[Date "2008.04.26"]
[Round "12.29"]
[White "Horton Justin"]
[Black "Cid Royo Oscar"]
[Result "1/2-1/2"]
[WhiteElo "2147"]
[BlackElo "2085"]

1.Nf3 d5 2.c4 c6 3.d4 e6 4.Nc3 Nf6 5.e3 Nbd7 6.Bd3 dxc4 7.Bxc4 b5 8.Bd3 Bb7 9.
e4 a6 10.e5 Ng8 11.O-O Nb6 12.Bg5 Qd7 13.Ne4 h6 14.Bd2 c5 15.Ba5 Nc4 16.Bc3
cxd4 17.Bxd4 Rd8 18.Qe2 Nxe5 19.Nxe5 Qxd4 20.Bxb5+ Ke7 21.Nc6+ Bxc6 22.Bxc6
Qb6 23.Rac1 Nf6 24.Nxf6 Kxf6 25.Qf3+ Ke7 26.Qa3+ Kf6 27.Qf3+ Ke7 28.Rfd1 Rxd1+
29.Rxd1 f5 30.Qc3 Kf7 31.Rd7+ Kg6 32.Qc4 Qxb2 33.Qxe6+ Qf6 34.Qxf6+ gxf6 35.
Ra7 Bc5 36.Rxa6 Rb8 37.h4 Rb2 38.Be8+ Kg7 39.Kh2 Bxf2 40.h5 f4 41.Kh3 Rb7 42.
Kg4 Be3 43.Bc6 Re7 44.Ra8 Re5 45.Be8 Rg5+ 46.Kf3 Rg3+ 47.Ke4 Rxg2 48.Bg6 Rb2
49.a4 Rb7 50.a5 Ra7 51.Rxa7+ Bxa7 52.Kxf4 Kf8 53.Ke4 Ke7 54.Kd5 Kd7 55.Bf5+
Ke7 56.Kc6 Be3 57.a6 Bf2 58.Kb7 Kd6 59.a7 Bxa7 60.Kxa7 1/2-1/2

[Event "Campeonato de Aragón por Equipos 2008 "]
[Site "Aragón"]
[Date "2008.04.26"]
[Round "12.30"]
[White "Accattato Martin Mario"]
[Black "Abos Rosico Antonio"]
[Result "1-0"]
[WhiteElo "2077"]
[BlackElo "2043"]

1.e4 d6 2.d4 Nf6 3.Nc3 g6 4.Nf3 Bg7 5.Be3 Bg4 6.Qd2 Nc6 7.h3 Bxf3 8.gxf3 e5 9.
d5 Ne7 10.O-O-O O-O 11.f4 exf4 12.Bxf4 Nh5 13.Bg5 f6 14.Bh6 f5 15.Be2 f4 16.
Bxg7 Nxg7 17.Bf3 Nc8 18.h4 Qf6 19.h5 g5 20.h6 Ne8 21.Rdg1 Kh8 22.Rh5 Rg8 23.
Ne2 Nb6 24.Qc3 Qxc3 25.Nxc3 g4 26.Rxg4 Nf6 27.Rxg8+ Rxg8 28.Rf5 Rg6 29.Rxf4
Rxh6 30.Nb5 Kg7 31.Nxc7 Rh2 32.Be2 h5 33.Nb5 Nc8 34.Nd4 Ne7 35.Ne6+ Kg6 36.Kd2
h4 37.c4 b6 38.b4 h3 39.Rh4 Rxf2 40.Ke3 Rh2 41.Nf4+ Kf7 42.Rxh3 Rxh3+ 43.Nxh3
Ng6 44.Kd4 Nd7 45.Bh5 Kf6 46.Bxg6 Kxg6 47.Nf4+ Kf6 48.Nd3 Ke7 49.e5 a6 50.
exd6+ Kxd6 51.c5+ bxc5+ 52.bxc5+ Kc7 53.d6+ 1-0